logo

Bir Sreshtho Munshi Abdur Rouf Library
Jhenaidah Cadet College

A-Level physics core work books / (Record no. 8151)

MARC details
000 -LEADER
fixed length control field 01140cam a2200349 a 4500
001 - CONTROL NUMBER
JCCL Control Number 8151
003 - CONTROL NUMBER IDENTIFIER
JCCL marc code BD-JhCC
005 - DATE AND TIME OF LATEST TRANSACTION
control field 20220322134023.0
008 - FIXED-LENGTH DATA ELEMENTS--GENERAL INFORMATION
fixed length control field 020607s1996 enk | |||| ||eng||
020 ## - INTERNATIONAL STANDARD BOOK NUMBER
International Standard Book Number 1898091978
020 ## - INTERNATIONAL STANDARD BOOK NUMBER
International Standard Book Number 1898091986
020 ## - INTERNATIONAL STANDARD BOOK NUMBER
International Standard Book Number 1860831923
020 ## - INTERNATIONAL STANDARD BOOK NUMBER
International Standard Book Number 1860831931
020 ## - INTERNATIONAL STANDARD BOOK NUMBER
International Standard Book Number 186083194X
020 ## - INTERNATIONAL STANDARD BOOK NUMBER
International Standard Book Number 1860831958
029 ## - (OCLC)
OCLC library identifier R9933
035 ## - SYSTEM CONTROL NUMBER
system control number (BD-JhCC)8151
035 ## - SYSTEM CONTROL NUMBER
system control number 1603831
040 ## - CATALOGING SOURCE
Original cataloging agency BD-JhCC
Modifying agency BD-JhCC
041 ## - LANGUAGE CODE
Language code of Book eng
082 ## - DEWEY DECIMAL CLASSIFICATION NUMBER
Author mark and Year JEN 1996
Classification number 530
100 1# - MAIN ENTRY--PERSONAL NAME
Personal name Jenkins, D.
Fuller form of name (David)
245 10 - TITLE STATEMENT
Title A-Level physics core work books /
Statement of responsibility, etc by D Jenkins.
260 ## - PUBLICATION, DISTRIBUTION, ETC. (IMPRINT)
Place of publication, distribution, etc Peterborough :
Name of publisher, distributor, etc First & Best in Education Ltd,
Date of publication, distribution, etc c1996.
300 ## - PHYSICAL DESCRIPTION
Pagination 6 v. in 1 (loose-leaf) ;
Dimensions 32cm.
490 0# - SERIES STATEMENT
Series statement First & Best in Education ring bound workpacks : photocopiable resources for schools
505 8# - FORMATTED CONTENTS NOTE
Formatted contents note Contents: Book 1: Fields - Book 2: Electricity - Book 3: Waves & matter - Book 4: Thermal physics - Book 5: Mechanics - Book 6: Astrophysics.
650 #0 - SUBJECT ADDED ENTRY--TOPICAL TERM
Topical term or geographic name as entry element Physics
General subdivision Study and teaching (Secondary)
Geographic subdivision Great Britain.
710 2# - ADDED ENTRY--CORPORATE NAME
Corporate name or jurisdiction name as entry element First and Best Education Ltd.
942 ## - ADDED ENTRY ELEMENTS (KOHA)
Source of classification or shelving scheme Dewey Decimal Classification
Koha item type Books
Koha issues (borrowed), all copies 2
Holdings
Source of classification or shelving scheme Damaged status Not for loan Home library Current library Shelving location Date of accession Total Checkouts Full call number Barcode Checked out Date last seen Date checked out Copy number Koha item type
Dewey Decimal Classification     JCC Rouf Library JCC Rouf Library General Stacks 10/22/2023 2 530 JEN 1996 10780 11/16/2025 10/22/2025 10/22/2025 C - 1 Books

JCC Library | Contacts | JCC Home

Last Update on 23 September 2017
Copyright @ 2017-2020 JCC Rouf Library
Rouf Library, Jhenidah Cadet College (JCC), Bangladesh